| 000 | 00659nam a22002055i 4500 | ||
|---|---|---|---|
| 001 | 165321 | ||
| 003 | ES-MaACL | ||
| 005 | 20230906213119.0 | ||
| 008 | 050819s1871 gw | |||||||| ||eng d | ||
| 040 |
_aCAM _bspa _cCAM |
||
| 100 | 1 |
_aSheppard, Nathan. _9132705 |
|
| 245 | 1 | 0 |
_aShut up in Paris / _cby Nathan Sheppard. |
| 260 |
_aLeipzig : _bBernhard Tauchnitz, _c1871. |
||
| 300 |
_a302 p. ; _c16 cm. |
||
| 490 | 1 |
_aCollection of british authors ; _v1175 |
|
| 752 |
_aAlemania - _dLeipzig |
||
| 830 | 0 |
_aCollection of british authors ; _v1175 _9180703 |
|
| 852 |
_aES-MaACL _jG-12011 _z-- Enc. hol. conservando la cub. original |
||
| 999 |
_c165321 _d165321 |
||